| 000 | 00345nam a2200133Ia 4500 | ||
|---|---|---|---|
| 008 | 240624s9999 xx 000 0 und d | ||
| 041 | _aeng | ||
| 082 | _a332.042 GHO | ||
| 100 | _aGHOSH DILIP K | ||
| 245 | _aGLOBAL FINANCIAL MARKETS ISSUES AND STRA | ||
| 260 |
_c2004 _aLondon _bPraeger |
||
| 300 | _axii, : 265 : p. : cm. ; 24 | ||
| 365 |
_c _b26 |
||
| 999 |
_c20753 _d20753 |
||